000 00289nam a22001217a 4500
008 160523b xxu||||| |||| 00| 0 eng d
020 _a9780781753708
020 _a0781753708
041 _aeng
080 _a618.2
245 _aFocus on nursing pharmacogy:
_cAmy M. Karch;
942 _2udc
_cBK
999 _c2373
_d2373